Location of Real World Countries on the Risk Board - Statistics

General Stats
  • This quiz has been taken 10 times
  • The average score is 10 of 25
Answer Stats
Question Answer % Correct
Myanmar Siam
90%
British Columbia (Canada) Alberta
80%
Hawaii (US) Not on the board
70%
Angola South Africa
70%
Queensland (Australia) Eastern Australia
60%
Madagascar Madagascar
60%
Ireland Great Britain
50%
West Papua (Indonesia) New Guinea
50%
Denmark Northern Europe
50%
Philippines Not on the board
50%
Guyana Venezuela
50%
Khabarovsk (Russia) Kamchatka
40%
Poland Northern Europe
40%
Nunavut (Canada) Northwest Territory
40%
Kazakhstan Afghanistan
30%
Libya Egypt
30%
Cuba Not on the board
30%
Bolivia Peru
30%
Korea Mongolia
20%
Cameroon North Africa
20%
Minnesota (US) Eastern United States
10%
Afghanistan India
10%
Tasmania (Australia) Not on the board
10%
Switzerland Southern Europe
10%
Dagestan (Russia) Ukraine
0%
No matching quizzes found
Score Distribution
Percent of People with Each Score
Percentile by Number Answered
Your Score History
You have not taken this quiz